000
00230nam a2200097Ia 4500
005
20251222114403.0
008
251222s1900||||xx |||||||||||||| ||spa||
082
_a
DVD0099/J73/2001
245
0
_a
Los orĂgenes de la vida:
942
_c
DVD
999
_c
1715
_d
1715